(Record no. 190197)

MARC details
000 -LEADER
fixed length control field 00441nam a2200145Ia 4500
041 ## - LANGUAGE CODE
Language code of text/sound track or separate title Arabic
082 ## - DEWEY DECIMAL CLASSIFICATION NUMBER
Classification number 962.02 cut-298 ح
100 ## - MAIN ENTRY--PERSONAL NAME
Personal name 20260118u\\\\\\\\\\\y0engy0103\\\\ba
Personal name سهيل زكار
245 #0 - TITLE STATEMENT
Title العصر الايوبي قرن من الصراعات الداخلية
250 ## - EDITION STATEMENT
Edition statement ط1
260 ## - PUBLICATION, DISTRIBUTION, ETC. (IMPRINT)
Name of publisher, distributor, etc دار صفحات للدراسات والنشر
Place of publication, distribution, etc دمشق - سوريا
Date of publication, distribution, etc 2011
300 ## - PHYSICAL DESCRIPTION
Extent 383
942 ## - ADDED ENTRY ELEMENTS (KOHA)
Koha item type Books
Holdings
Withdrawn status Lost status Damaged status Not for loan Collection code Home library Current library Shelving location Date acquired Total Checkouts Full call number Barcode Date last seen Copy number Price effective from Koha item type
          Koya University Central Library Koya University Central Library Books 18/01/2026   962.02 cut-298 ح 0000095919 18/01/2026 1 18/01/2026 Books